| 000 | 00598nam a2200217Ia 4500 | ||
|---|---|---|---|
| 003 | OSt | ||
| 005 | 20251209173125.0 | ||
| 008 | 210423s2016 xx 000 0 und d | ||
| 020 | _a978-1-316-50107-8 | ||
| 040 | _cAL | ||
| 041 | _aEnglish | ||
| 082 |
_a417.7 _bBOTL |
||
| 100 |
_aRudolf Botha _977454 |
||
| 245 |
_aLanguage evolution: _b: the windows approach |
||
| 260 |
_aUK _bCambridge University Press _c2016 |
||
| 300 |
_ax,318p. _bPB _c24x15.5cm. |
||
| 365 |
_b2240.34 _cGBP |
||
| 650 |
_aLinguistics _977455 |
||
| 906 | _aapproach ; evolution: ; Language ; windows | ||
| 942 |
_2ddc _cBK |
||
| 999 |
_c168804 _d168804 |
||